|
|
|
|
| LEADER |
00000nam a22000007a 4500 |
| 005 |
20180925225123.0 |
| 007 |
cr|||| |||| |
| 008 |
180925s2018 mx |||||s|||| 00||0 spa d |
| 020 |
|
|
|a 978-607-8552-57-3
|
| 035 |
|
|
|a 21912
|
| 040 |
|
|
|a vLex
|
| 090 |
|
|
|c 8110
|d 8110
|
| 100 |
1 |
|
|a Carpy Morales, Carlos A.
|
| 245 |
1 |
0 |
|a Prc̀tica de auditora̕ automatizada 2018
|h [Recurso electrn̤ico] /
|c Carlos A. Carpy Morales
|
| 256 |
|
|
|a Servicio en ln̕ea
|
| 260 |
|
|
|a Mx̌ico DF:
|b Instituto Mexicano de Contadores Pb︢licos,
|c 2018
|
| 300 |
|
|
|a 1 recurso electrn̤ico
|
| 500 |
|
|
|a La tendencia actual del Contador Pb︢lico es ir ms̀ all ̀de los requerimientos de las normas de auditora̕, actualizǹdose y preparǹdose para generar informacin̤ transparente, objetiva y confiable, como elemento clave en la toma de decisiones en las empresas. Las firmas y los departamentos de auditora̕ desarrollan su actividad mediante la tecnologa̕ informt̀ica, lo cual ha puesto a los papeles automatizados como el soporte del trabajo del auditor. Por ello, los cuestionamientos y papeles de trabajo de esta obra (anteriormente contenidos en CD) ahora se encuentran en la nube, con la intencin̤ de facilitar su acceso. Prc̀tica de auditora̕ automatizada es una gua̕ para todo profesionista que quiera mantenerse al da̕ en cuanto a la auditora̕ y sus regulaciones; asimismo es una herramienta de gran valor para los profesionales egresados de las universidades y para los futuros auditores, quienes desde sus primeros encuentros con la prc̀tica de esta materia deberǹ enfrentarse con situaciones reales de las empresas mexicanas y manejar nuevos instrumentos que les permitan mejorar su desempeǫ en el campo profesional.
|
| 506 |
1 |
|
|a Disponible solo en los productos indicados
|d vLex Global
|d vLex Global (Academic Edition, excluding Law Schools)
|d vLex Global (U.S. Academic Edition, Law Schools)
|d vLex Global (U.S. Academic Edition, excluding Law Schools)
|d vLex Global (Academic Edition, Law Schools)
|
| 650 |
0 |
4 |
|a Derecho Fiscal
|z Mx̌ico
|
| 650 |
0 |
4 |
|a Inspeccin̤ tributaria
|z Mx̌ico
|
| 740 |
0 |
|
|a vLex Libros (Servicio en ln̕ea)
|
| 856 |
4 |
0 |
|u http://vlex.com/source/practica-de-auditoria-automatizada-21912
|z Acceso restringido
|
| 942 |
|
|
|c BOOK
|
| 999 |
0 |
|
|a Tax Law
|
| 999 |
0 |
|
|a Tax inspection
|